Northstar Land Ltd v Maitland Brooks and Jacqueline Brooks (Record no. 77286)

MARC details
000 -LEADER
fixed length control field 01437cab a2200193 4500
001 - CONTROL NUMBER
control field ##L133959
008 - FIXED-LENGTH DATA ELEMENTS--GENERAL INFORMATION
fixed length control field 060623n2006 000 0 eng u
035 ## - SYSTEM CONTROL NUMBER
System control number (Sirsi) u133959
041 0# - LANGUAGE CODE
Language code of text/sound track or separate title eng
245 00 - TITLE STATEMENT
Title Northstar Land Ltd v Maitland Brooks and Jacqueline Brooks
260 ## - PUBLICATION, DISTRIBUTION, ETC.
Date of publication, distribution, etc. 2006
520 ## - SUMMARY, ETC.
Summary, etc. [2006] EWCA Civ 756, 14 June 2006. Concerns a property sale transaction where the appellant purchaser (N) claimed that the vendors (B) had been estopped (from denying that the completion time had been extended) by their solicitor's conduct in not responding to the request for an extension. N had exercised its option to purchase B's property and had served notice to complete within 10 working days, but later indicated its wish to extend the deadline. Only on the day of completion did N's solicitor attempt to chase up B's solicitor to obtain agreement, but B's solicitor failed to revert back and N's solicitor did not pursue the matter. "Held": appeal dismissed. N's solicitor had not been entitled to assume that the extension of time had been agreed by omission of a negative response.
590 ## - LOCAL NOTE (RLIN)
Local note IKA040706
650 24 - SUBJECT ADDED ENTRY--TOPICAL TERM
Topical term or geographic name entry element NORTHSTAR LAND LTD V BROOKS
651 #4 - SUBJECT ADDED ENTRY--GEOGRAPHIC NAME
Geographic name England and Wales
Chronological subdivision 1543-
690 ## - LOCAL SUBJECT ADDED ENTRY--TOPICAL TERM (OCLC, RLIN)
Topical term or geographic name as entry element PROPERTY-RESIDENTIAL PROPERTY-ACQUISITION AND DISPOSAL OF RESIDENTIAL PROPERTY
856 40 - ELECTRONIC LOCATION AND ACCESS
Uniform Resource Identifier <a href="https://www.bailii.org/ew/cases/EWCA/Civ/2006/756.html">https://www.bailii.org/ew/cases/EWCA/Civ/2006/756.html</a>
Public note View the judgment free of charge at www.bailii.org...
942 ## - ADDED ENTRY ELEMENTS (KOHA)
Suppress in OPAC 0
Holdings
Withdrawn status Lost status Source of classification or shelving scheme Damaged status Not for loan Home library Current library Shelving location Date acquired Total Checkouts Full call number Barcode Date last seen Copy number Price effective from Koha item type
    Dewey Decimal Classification     Virtual Virtual Online 23/06/2006   ONLINE PUBLICATION 133959-1001 06/08/2019 1 06/08/2019 Law report